| 000 | 00356nam a22001577a 4500 | ||
|---|---|---|---|
| 999 |
_c10931 _d10931 |
||
| 003 | OSt | ||
| 008 | 210915b ||||| |||| 00| 0 eng d | ||
| 020 | _a9780195638462 | ||
| 100 | _aMCGREGOR,R.S. | ||
| 245 | _aOxford Hindi English Dictionary | ||
| 250 | _a58th | ||
| 260 |
_bOxford _c2018 |
||
| 300 | _a1083pg | ||
| 650 | _aDictionary | ||
| 942 |
_2ddc _cBK |
||